Central Library OPAC University of Rajshahi

বঙ্গবন্ধুর গল্প / (Record no. 78890)

MARC details
000 -LEADER
fixed length control field 01188nam a2200253 a 4500
001 - CONTROL NUMBER
control field 78890
003 - CONTROL NUMBER IDENTIFIER
rucl marc code BD-RjUL
005 - DATE AND TIME OF LATEST TRANSACTION
control field 20211209083203.0
008 - FIXED-LENGTH DATA ELEMENTS--GENERAL INFORMATION
fixed length control field 211125s20212020bg ||||| |||| 00| 0 ben d
020 ## - INTERNATIONAL STANDARD BOOK NUMBER
International Standard Book Number 9789848043479
Terms of availability : Tk. 1000.00
035 ## - SYSTEM CONTROL NUMBER
System control number (BD-RjUL)79117
040 ## - CATALOGING SOURCE
Original cataloging agency BD-RjUL
Language of cataloging eng
Transcribing agency BD-RjUL
041 ## - LANGUAGE CODE
Language code of text/sound track or separate title ben
082 ## - DEWEY DECIMAL CLASSIFICATION NUMBER
Edition number 23
Classification number 891.443
Author mark and year GAL 2021
245 10 - TITLE STATEMENT
Title বঙ্গবন্ধুর গল্প /
Statement of responsibility, etc. সম্পাদনা আবুল কালাম আজাদ, হামিদুল আলম সখা
260 ## - PUBLICATION, DISTRIBUTION, ETC. (IMPRINT)
Place of publication, distribution, etc. ঢাকা :
Name of publisher, distributor, etc. রাফাত পাবলিকেশন্স,
Date of publication, distribution, etc. ২০২০ [মুদ্রণ ২০২১]
600 ## - SUBJECT ADDED ENTRY--PERSONAL NAME
Personal name মুজিবুর রহমান ,
Titles and other words associated with a name শেখ
Dates associated with a name ১৯২০-১৯৭৫
Personal name Mujibur Rahman,
Titles and other words associated with a name Sheikh
Dates associated with a name 1920-1975
650 ## - SUBJECT ADDED ENTRY--TOPICAL TERM
Topical term or geographic name as entry element বাংলা গল্প (মুক্তিযুদ্ধ ও রাজনৈতিক গল্প )
9 (RLIN) 250575
Topical term or geographic name as entry element Bengali story (Liberation war and political story)
9 (RLIN) 250570
700 ## - ADDED ENTRY--PERSONAL NAME
Personal name আজাদ, আবুল কালাম
Personal name সখা,হামিদুল আলম
942 ## - ADDED ENTRY ELEMENTS (KOHA)
Source of classification or shelving scheme Dewey Decimal Classification
Koha item type Books
Holdings
Lost status Source of classification or shelving scheme Damaged status Not for loan Collection code Permanent Location Current Location Shelving location Date acquired Source of acquisition Cost, normal purchase price Total Checkouts Full call number Date last seen Copy number Koha item type
  Dewey Decimal Classification     Non-fiction Central Library, University of Rajshahi Central Library, University of Rajshahi   01/11/2021 Rajshahi Bidasagar 750.00   891.443 GAL 2021 25/11/2021 C-2 Books
  Dewey Decimal Classification   Not For Loan Non-fiction Central Library, University of Rajshahi Central Library, University of Rajshahi Bangabandhu Corner Section 01/11/2021 Rajshahi Bidasagar 750.00   891.443 GAL 2021 25/11/2021 C-1 Books